Korona Europy - Statystyki

Ogólne statystyki
  • Ten quiz został rozwiązany 71 razy
  • Średni wynik to 10 z 45
Statystyki odpowiedzi
Hint Odpowiedź % Poprawnych
1. 4806 Francja Mont Blanc
88%
18. 2499 Polska Rysy
88%
14. 2656 Słowacja Gerlach
75%
28. 1603 Czechy Śnieżka
63%
6. 2962 Niemcy Zugspitze
53%
4. 3798 Austria Grossglockner
41%
10. 2894 Słowenia Triglav
38%
45. 75 Watykan Wzgórze Watykańskie
34%
24. 2061 Ukraina Howerla
31%
29. 1345 Wielka Brytania Ben Nevis
28%
3. 4634 Szwajcaria Dufourspitze
28%
32. 1014 Węgry Kekes
28%
41. 294 Litwa Wysoka Góra
25%
5. 3479 Hiszpania Mulhacen
22%
33. 739 San Marino Monte Titano
22%
8. 2925 Bułgaria Musała
22%
11. 2764 Albania Korab
19%
11. 2764 Macedonia Korab
19%
9. 2918 Grecja Mitikas
19%
2. 4748 Włochy Mont Blanc de Courmayeur
19%
30. 1324 Finlandia Halti
16%
20. 2389 Bośnia Maglić
16%
21. 2169 Serbia Midżur
16%
16. 2544 Rumunia Moldoveanu
16%
26. 1895 Rosja Narodnaja
16%
25. 1993 Portugalia Torre
16%
7. 2942 Andora Pic de Coma Pedrosa
13%
37. 345 Białoruś Góra Dzierżyńska
13%
23. 2097 Szwecja Kebnekaise
13%
34. 694 Belgia Signal de Botrange
13%
27. 1831 Chorwacja Vrh Dinare
13%
17. 2534 Czarnogóra Zla Kolata
13%
31. 1038 Irlandia Carrantuohill
9%
19. 2469 Norwegia Galdhopiggen
9%
35. 560 Luksemburg Kneiff
9%
49. 317 Estonia Suur Munamagi
9%
38. 322 Holandia Vaalserberg
9%
36. 428 Mołdawia Dealul Balanesti
6%
13. 2656 Kosowo Djeravica
6%
22. 2110 Islandia Oraefajokull
6%
42. 253 Malta Ta Dmejrek
6%
15. 2599 Liechtenstein Vorder Grauspitz
6%
44. 161 Monako Chemin des Revoires
3%
40. 312 Łotwa Gainzinkalns
3%
43. 172 Dania Yding Skovhoj
3%
Nie znaleziono quizów pasujących do podanych kryteriów
Rozkład punktacji
Procent ludzi z każdym wynikiem
Percentyl według liczby udzielonych odpowiedzi
Twoja historia wyników
Nie rozwiązałeś tego quizu